Estadísticas para País más Reciente en...

Haz click aquí para intentar la prueba.

Estadísticas generales

  • Esta prueba ha sido intentada 55 veces
  • La puntuación promedio es 8 de 20

Estadísticas de respuestas

País más reciente en…AñoPaís% Correcto
Superar los mil millones en población1998India
91%
Sufrir un terremoto de 9.0 o más2011Japón
91%
Ser anfitrión de los Juegos Olímpicos de Invierno2022China
77%
Declararse independiente2011Sudán del Sur
75%
En convertirse en una potencia nuclear2006Corea del Norte
68%
Invadir territorio británico1982Argentina
58%
Ser ocupado por humanos
(Europa)
874Islandia
45%
Unirse a la EU2013Croacia
43%
Ejecutar oficialmente a un exlíder2006Irak
43%
Superar los 100 millones en población2019Egipto
42%
Ser anexado por China1951Tíbet
32%
Establecer relaciones exteriores con los EE.UU.2015Cuba
30%
Controlar todo el Mediterráneo395Imperio Romano
26%
Tener una disminución del 10% en población2010–
2018
Siria
26%
Obtener el estatus de "observador" ante la ONU2012Palestina
19%
Abolir su monarquía2008Nepal
13%
Ser ocupado por humanos1770Seychelles
11%
Abolir la esclavitud1981Mauritania
8%
Ser anexado1990Alemania Oriental
2%
Independizarse del Reino Unido1984Brunéi
0%

Distribución de puntuación

Porcentaje por número respondido

Porcentaje de gente con cada puntuación

Historial de tus puntuaciones

No has intentado esta prueba.